[Event "Rochefort op-B 19th"]
[Site "Rochefort"]
[Date "2020.02.22"]
[Round "1"]
[White "Fruteau, Sabine"]
[Black "Gelibter, Marc"]
[Result "1-0"]
[WhiteElo "1939"]
[BlackElo "1501"]
[PlyCount "91"]
[EventDate "2020.02.22"]
[EventType "swiss"]
[EventRounds "9"]
[EventCountry "FRA"]
[SourceTitle "CBM 195 Extra"]
[Source "ChessBase"]
[SourceDate "2020.05.31"]
[SourceVersion "1"]
[SourceVersionDate "2020.05.31"]
[SourceQuality "1"]

1. e4 e6 2. d4 d5 3. Nc3 Nf6 4. e5 Nfd7 5. f4 c5 6. Nce2 cxd4 7. Nxd4 a6 8. Ngf3 Nc6 9. c3 Be7 10. Bd3 Qc7 11. 0-0 b5 12. Nxc6 Qxc6 13. Nd4 Qc7 14. Qe1 Nb6 15. f5 exf5 16. Bxf5 Bc5 17. Bxc8 Nxc8 18. Qg3 g6 19. e6 Qxg3 20. exf7+ Ke7 21. hxg3 Nd6 22. Bg5+ Kd7 23. b4 Bxd4+ 24. cxd4 Rhf8 25. Rae1 Ne4 26. Bh6 Nxg3 27. Bxf8 Rxf8 28. Rf6 Ne4 29. Rxa6 Nd6 30. Ra7+ Kc6 31. Ree7 Kb6 32. Rad7 Kc6 33. Rc7+ Kb6 34. Rc5 Nf5 35. Re6+ Kb7 36. Rxb5+ Kc7 37. Rxd5 Rxf7 38. a4 Ne7 39. Rc5+ Kd8 40. Rd6+ Ke8 41. Rc7 Rf4 42. Re6 Rf7 43. a5 Kd8 44. Rcxe7 Rxe7 45. Rxe7 Kxe7 46. a6 1-0